[Event "GER-chT U16"]
[Site "Magdeburg"]
[Date "2014.12.30"]
[Round "7.4"]
[White "Henke, Georg"]
[Black "Joeres, Roman"]
[Result "1-0"]
[WhiteElo "1486"]
[BlackElo "1454"]
[PlyCount "43"]
[EventDate "2014.12.27"]
[EventType "team-swiss"]
[EventRounds "7"]
[EventCountry "GER"]
[SourceTitle "EXT 2016"]
[Source "ChessBase"]
[SourceDate "2015.10.08"]
[SourceVersion "1"]
[SourceVersionDate "2015.10.08"]
[SourceQuality "1"]
[WhiteTeam "Weissensee Chemie"]
[BlackTeam "Karlsruhe"]
[WhiteTeamCountry "GER"]
[BlackTeamCountry "GER"]

1. e4 e6 2. d4 d5 3. e5 c5 4. c3 Nc6 5. Nf3 Bd7 6. Be3 cxd4 7. cxd4 Qc7 8. Nc3 Bb4 9. a3 Ba5 10. Rc1 Bxc3+ 11. Rxc3 Nge7 12. b4 Qb6 13. Be2 Nf5 14. Qd3 Nxe3 15. fxe3 Ke7 16. 0-0 h6 17. Nh4 a6 18. Bh5 Raf8 19. Bxf7 Nxe5 20. dxe5 Bb5 21. Ng6+ Kd8 22. Qc2 1-0

[Event "GER-chT U14"]
[Site "Magdeburg"]
[Date "2013.12.28"]
[Round "3.4"]
[White "Henke, Georg"]
[Black "Schroeter, Ron"]
[Result "0-1"]
[WhiteElo "1343"]
[BlackElo "1392"]
[PlyCount "72"]
[EventDate "2013.12.27"]
[EventType "team-swiss"]
[EventRounds "4"]
[EventCountry "GER"]
[SourceTitle "EXT 2015"]
[Source "ChessBase"]
[SourceDate "2014.11.20"]
[SourceVersion "1"]
[SourceVersionDate "2014.11.20"]
[SourceQuality "1"]
[WhiteTeam "Weissensee Chemie"]
[BlackTeam "Koeln Porz"]
[WhiteTeamCountry "GER"]
[BlackTeamCountry "GER"]

1. d4 d5 2. Nf3 e6 3. e3 Nd7 4. Bd3 Ngf6 5. Nbd2 Bd6 6. 0-0 0-0 7. Re1 b6 8. e4 dxe4 9. Nxe4 Nxe4 10. Bxe4 Rb8 11. c3 Nf6 12. Bb1 Bb7 13. Qd3 g6 14. Bg5 Be7 15. Qe2 Ng4 16. Bxe7 Qxe7 17. h3 Nf6 18. Ne5 Nd5 19. Qd2 f6 20. Nf3 Qd6 21. Qh6 Nf4 22. Nh4 Rf7 23. Be4 Bxe4 24. Rxe4 g5 25. Nf3 Rbf8 26. g3 f5 27. Nxg5 fxe4 28. Nxf7 Ne2+ 29. Kf1 Nxg3+ 30. fxg3 Rxf7+ 31. Kg2 Qd5 32. Qe3 Rf3 33. Qe2 Qg5 34. Qe1 h5 35. h4 Qg4 36. Rd1 e3 0-1

[Event "GER-chT U14"]
[Site "Magdeburg"]
[Date "2013.12.27"]
[Round "2.4"]
[White "Erlekam, Simon"]
[Black "Henke, Georg"]
[Result "1-0"]
[WhiteElo "1655"]
[BlackElo "1343"]
[PlyCount "71"]
[EventDate "2013.12.27"]
[EventType "team-swiss"]
[EventRounds "4"]
[EventCountry "GER"]
[SourceTitle "EXT 2015"]
[Source "ChessBase"]
[SourceDate "2014.11.20"]
[SourceVersion "1"]
[SourceVersionDate "2014.11.20"]
[SourceQuality "1"]
[WhiteTeam "Gau Algesheim"]
[BlackTeam "Weissensee Chemie"]
[WhiteTeamCountry "GER"]
[BlackTeamCountry "GER"]

1. e4 c5 2. Nf3 Nc6 3. d4 cxd4 4. Nxd4 Nf6 5. Nc3 e5 6. Ndb5 d6 7. Bg5 a6 8. Bxf6 gxf6 9. Na3 b5 10. Nd5 Bg7 11. c3 0-0 12. Be2 f5 13. exf5 Bxf5 14. 0-0 Qg5 15. Ne3 Rad8 16. Nxf5 Qxf5 17. Qd5 Qd7 18. Rad1 Kh8 19. Bf3 Nb8 20. c4 bxc4 21. Nxc4 f5 22. Qxd6 e4 23. Be2 h6 24. Qxd7 Rxd7 25. Rxd7 Nxd7 26. Rd1 Nc5 27. b3 f4 28. Rd5 Ne6 29. Ne5 Bxe5 30. Rxe5 Ng5 31. h4 f3 32. hxg5 fxe2 33. Rxe4 e1Q+ 34. Rxe1 hxg5 35. Re6 Ra8 36. Rg6 1-0

[Event "GER-chT North U14"]
[Site "Magdeburg"]
[Date "2013.09.15"]
[Round "7.4"]
[White "Perekhozhuk, Maksym"]
[Black "Henke, Georg"]
[Result "1/2-1/2"]
[WhiteElo "1569"]
[BlackElo "1378"]
[PlyCount "107"]
[EventDate "2013.09.12"]
[EventType "team-swiss"]
[EventRounds "7"]
[EventCountry "GER"]
[SourceTitle "EXT 2014"]
[Source "ChessBase"]
[SourceDate "2013.11.20"]
[SourceVersion "1"]
[SourceVersionDate "2013.11.20"]
[SourceQuality "1"]
[WhiteTeam "Halle"]
[BlackTeam "Weissensee Chemie"]
[WhiteTeamCountry "GER"]
[BlackTeamCountry "GER"]

1. e4 c5 2. Nf3 Nc6 3. d4 cxd4 4. Nxd4 Nf6 5. Nc3 e5 6. Ndb5 d6 7. Bg5 a6 8. Na3 b5 9. Nd5 Be7 10. Bxf6 Bxf6 11. c3 Bg5 12. Nc2 0-0 13. Bd3 Kh8 14. Nce3 Be6 15. 0-0 Ne7 16. Qc2 Bxe3 17. Nxe3 d5 18. exd5 Nxd5 19. Nxd5 Bxd5 20. Rfe1 Qg5 21. Be4 Bxe4 22. Qxe4 Rae8 23. Rad1 f5 24. Qc6 e4 25. Qc5 Qg4 26. Rd4 h6 27. f3 Qh4 28. g3 Qf6 29. fxe4 fxe4 30. Rd2 e3 31. Rde2 Qf3 32. Rxe3 Qf2+ 33. Kh1 Rxe3 34. Qxe3 Qxb2 35. Qe7 Qf2 36. a3 Kg8 37. Qe6+ Qf7 38. Qe5 Qf3+ 39. Kg1 Qf2+ 40. Kh1 Qc2 41. Qe6+ Kh8 42. Qe5 Qd3 43. Kg1 Qc2 44. Qe3 Qf5 45. Rc1 Rc8 46. Re1 Qf6 47. Rc1 Qf8 48. Ra1 Qc5 49. Qxc5 Rxc5 50. Rc1 a5 51. Kf2 b4 52. axb4 axb4 53. c4 b3 54. Rb1 1/2-1/2

[Event "GER-chT North U14"]
[Site "Magdeburg"]
[Date "2013.09.14"]
[Round "5.4"]
[White "Henke, Georg"]
[Black "Wessels, Julian"]
[Result "1-0"]
[WhiteElo "1378"]
[BlackElo "1211"]
[PlyCount "49"]
[EventDate "2013.09.12"]
[EventType "team-swiss"]
[EventRounds "7"]
[EventCountry "GER"]
[SourceTitle "EXT 2014"]
[Source "ChessBase"]
[SourceDate "2013.11.20"]
[SourceVersion "1"]
[SourceVersionDate "2013.11.20"]
[SourceQuality "1"]
[WhiteTeam "Weissensee Chemie"]
[BlackTeam "Aurich"]
[WhiteTeamCountry "GER"]
[BlackTeamCountry "GER"]

1. e4 e5 2. d4 exd4 3. Qxd4 Nc6 4. Qe3 Be7 5. Nc3 d6 6. Nf3 Nf6 7. Bc4 a6 8. Bd2 Nb4 9. 0-0-0 0-0 10. h3 b5 11. Bb3 Bb7 12. g4 h6 13. Rdg1 Nh7 14. h4 c5 15. a3 Nc6 16. g5 Ne5 17. Nxe5 hxg5 18. Ng6 Re8 19. Nxe7+ Qxe7 20. hxg5 c4 21. Qh3 Bxe4 22. Nxe4 Qxe4 23. Ba2 Qg6 24. f4 Re2 25. f5 1-0

[Event "GER-chT North U14"]
[Site "Magdeburg"]
[Date "2013.09.13"]
[Round "3.4"]
[White "Henke, Georg"]
[Black "Schmidt, Bjarne"]
[Result "1/2-1/2"]
[WhiteElo "1378"]
[BlackElo "1402"]
[PlyCount "30"]
[EventDate "2013.09.12"]
[EventType "team-swiss"]
[EventRounds "7"]
[EventCountry "GER"]
[SourceTitle "EXT 2014"]
[Source "ChessBase"]
[SourceDate "2013.11.20"]
[SourceVersion "1"]
[SourceVersionDate "2013.11.20"]
[SourceQuality "1"]
[WhiteTeam "Weissensee Chemie"]
[BlackTeam "Bremen Nord"]
[WhiteTeamCountry "GER"]
[BlackTeamCountry "GER"]

1. e4 d6 2. f4 c5 3. Nf3 Nc6 4. Nc3 Nf6 5. Bb5 Bd7 6. d3 g6 7. Be3 Bg7 8. h3 Qc7 9. Qd2 a6 10. Ba4 h5 11. a3 b5 12. Bb3 Ng8 13. Nd5 Qb8 14. Rb1 Nf6 15. Ba2 Ra7 1/2-1/2

[Event "GER-ch U14 DEM op"]
[Site "Oberhof"]
[Date "2010.05.27"]
[Round "5"]
[White "Dopmann, Sina"]
[Black "Henke, Georg"]
[Result "1-0"]
[WhiteElo "1108"]
[BlackElo "1176"]
[PlyCount "49"]
[EventDate "2010.05.23"]
[EventType "swiss"]
[EventRounds "7"]
[EventCountry "GER"]
[SourceTitle "CBM 136 Extra"]
[Source "ChessBase"]
[SourceDate "2010.07.02"]
[SourceVersion "2"]
[SourceVersionDate "2010.07.15"]
[SourceQuality "1"]

1. Nc3 c5 2. e4 d6 3. f4 Nc6 4. Nf3 Nf6 5. g3 Bg4 6. Bg2 Nd4 7. 0-0 Nxf3+ 8. Bxf3 Bxf3 9. Qxf3 Qc7 10. d3 Qc6 11. h3 e6 12. Bd2 g6 13. e5 Qxf3 14. Rxf3 Nd7 15. Nb5 Kd8 16. exd6 f5 17. Bc3 Rg8 18. Be5 Bg7 19. Bxg7 Rxg7 20. Nc7 Rf7 21. Nxa8 e5 22. Re1 Nb6 23. Nxb6 axb6 24. Rxe5 Rd7 25. Rd5 1-0